01138nam a2200241 a 450000100100000000500170001000800410002702000150006804000250008310000430010824501220015126000870027330000460036049000460040650000210045250400730047370000490054671000730059571000600066883000460072895201050077499900170087900004178020201002035742.0131015s2004 sp 000 0 spa d a8400082621 aDO-SdBNPbspacBNPHU1 aLemos Montanet, José Leonardo96863910a"Obra viva" de Ángel Amor Ruibal /cJosé Leonardo Lemos Montanet ; prólogo Eduardo Pardo de Guevara y Valdés. aSantiago de Compostela :bInstituto de Estudios Gallegos "Padre Sarmiento",c2004. a455 p., [1] h. de lám. :bil. ;c24 cm.1 aCuadernos de estudios gallegos. Anexov32 aIncluye índice aIncluye referencias bibliográficas y notas al pie de las páginas1 aGuevara y Valdés, Eduardo Pardo de,9640352 aConsejo Superior de Investigaciones Científicas (España).9151782 aInstituto de Estudios Gallegos "Padre Sarmiento"968447 0aCuadernos de estudios gallegosv32964199 001050718MOaGRbGRcCTd2013-10-17iLF1l0o p41780-10r2020-06-25w2020-06-25y1ZNo se presta c41269d41269